Principal of CAD/CAM/CAE

Guardat en:
Dades bibliogràfiques
Autor principal: Lee, Kunwoo
Format: Llibre
Idioma:Undetermined
Publicat: Massachusetts Addison - Wesley Longman 1999
Matèries:
Etiquetes: Afegir etiqueta
Sense etiquetes, Sigues el primer a etiquetar aquest registre!
Thư viện lưu trữ: Trung tâm Học liệu Trường Đại học Cần Thơ
LEADER 00512nam a2200193Ia 4500
001 CTU_64637
008 210402s9999 xx 000 0 und d
020 |b 603000 
082 |a 620.00420285 
082 |b L478 
100 |a Lee, Kunwoo 
245 0 |a Principal of CAD/CAM/CAE 
245 0 |c Kunwoo Lee 
260 |a Massachusetts 
260 |b Addison - Wesley Longman 
260 |c 1999 
650 |a AutoCAD ( computer programs ) 
904 |i Minh 
980 |a Trung tâm Học liệu Trường Đại học Cần Thơ